| 000 | 01637nam a2200385 a 4500 | ||
|---|---|---|---|
| 001 | ebr10026380 | ||
| 003 | CaPaEBR | ||
| 006 | m u | ||
| 007 | cr cn||||||||| | ||
| 008 | 011022s2001 nyua sb 001 0 eng d | ||
| 020 | _z047104976X (electronic bk.) | ||
| 040 |
_aCaPaEBR _cCaPaEBR |
||
| 035 | _a(OCoLC)301282598 | ||
| 050 | 1 | 4 |
_aTK5105.5 _b.S743 2001ebeb |
| 082 | 0 | 4 |
_a004.6 _221 |
| 100 | 1 | _aSterbenz, James P. G. | |
| 245 | 1 | 0 |
_aHigh-speed networking _h[electronic resource] : _ba systematic approach to high-bandwidth low-latency communication / _cJames P.G. Sterbenz and Joseph D. Touch ; with contributions from Julio Escobar, Rajesh Krishnan, Chunming Qiao ; technical editor A. Lyman Chapin. |
| 260 |
_aNew York : _bWiley, _c2001. |
||
| 300 |
_axix, 597 p. : _bill., diagrs. |
||
| 490 | 1 | _aWiley Networking Council series | |
| 500 | _a"Wiley computer publishing". | ||
| 504 | _aIncludes bibliographical references and index. | ||
| 533 |
_aElectronic reproduction. _bPalo Alto, Calif. : _cebrary, _d2013. _nAvailable via World Wide Web. _nAccess may be limited to ebrary affiliated libraries. |
||
| 650 | 0 |
_aComputer networks _xDesign and construction. |
|
| 650 | 0 | _aHigh performance computing. | |
| 655 | 7 |
_aElectronic books. _2local |
|
| 700 | 1 | _aTouch, Joseph D. | |
| 700 | 1 | _aEscobar, Julio. | |
| 700 | 1 | _aKrishnan, Rajesh. | |
| 700 | 1 | _aQiao, Chunming. | |
| 700 | 1 | _aChapin, A. Lyman. | |
| 710 | 2 | _aebrary, Inc. | |
| 830 | 0 | _aWiley Networking Council series. | |
| 856 | 4 | 0 |
_uhttp://site.ebrary.com/lib/rucke/Doc?id=10026380 _zAn electronic book accessible through the World Wide Web; click to view |
| 999 |
_c8701 _d8701 |
||